000
00242nam a22000857a 4500
008
160702b xxu||||| |||| 00| 0 eng d
100
_9
1767
_a
Sharma, B.M
245
_a
Classroom Administration
260
_a
New Delhi
_b
Common Wealth Publication
_c
2005
999
_c
1471
_d
1471